| 000 | 00803nam a2200241 i 4500 | ||
|---|---|---|---|
| 001 | bgj | ||
| 100 | 1 | _aREITER, Christine. | |
| 245 | 1 | 0 |
_aGefährdete Kohärenz : _bliterarische Verarbeitung einer ambivalenten Wirklichkeitserfahrung in den Novellen Theodor Storms / _cChristine Reiter. |
| 260 |
_aSt. Ingbert : _bRöhrig Universitätsverlag, _c2004. |
||
| 300 |
_a348 s. ; _c21 cm. |
||
| 490 | 1 |
_aSaarbrücker Beiträge zur Literaturwissenschaft _vBd. 81 |
|
| 504 | _aBibliogr. s. 327-345. Indeks. | ||
| 650 | 9 | _aLiteratura niemiecka | |
| 830 | _aSaarbrücker Beiträge zur Literaturwissenschaft | ||
| 020 | _a3861103699 | ||
| 040 | _cBPK | ||
| 041 | 0 | _ager | |
| 044 | _aDEU | ||
| 080 | _a821.112.2 | ||
| 920 | _a3-86110-369-9 | ||
| 942 | _cKS | ||
| 008 | s gw f |000 0 ger | ||
| 999 |
_c50503 _d50503 |
||
| 856 |
_uhttp://koha.tu.koszalin.pl/cgi-bin/koha/opac-detail.pl?biblionumber=50503 _yKatalog online BPK |
||